| 000 | 01273nam a22003015i 4500 | ||
|---|---|---|---|
| 001 | 152945 | ||
| 003 | ES-MaACL | ||
| 005 | 20250701063149.0 | ||
| 008 | 041013q1870 sp |||| | spa d | ||
| 040 |
_aCAM _bspa _cCAM |
||
| 080 | _a 821.134.2-31"19" | ||
| 080 | _a929 Leonor (469)(0:82) | ||
| 100 | 1 |
_aCalvo Asensio, G., _dm. 1880 _9157237 _eaut |
|
| 245 | 1 | 0 |
_aReina y adúltera : _bmemorias de Doña Leonor Téllez : novela histórica / _c por G. Calvo Asensio |
| 260 |
_aMadrid : _bUrbano Manini editor, _c[ca. 1870] _f(Imp. de José A. Muñoz y Compañía) |
||
| 300 |
_a272 paginas ; _c17 cm. |
||
| 490 | 1 | _aLeyendas históricas | |
| 505 | _aPrimera parte: El tribuno y la manceba; Segunda parte: La virtud y el amor de madre | ||
| 530 | _aDisponible en formato digital | ||
| 600 | 0 | 4 |
_9241143 _aLeonor, _cReina consorte de Fernando I, Rey de Portugal _vNovelas |
| 655 | 7 |
_2tgfbne _aNovelas históricas _9226782 |
|
| 830 | 0 |
_aLeyendas históricas _9221380 |
|
| 852 |
_aES-MaACL _cSPP3 _hEx-libris de Gustavo Sáenz Díez _jG-11005(3) _xHolandesa |
||
| 856 |
_uhttp://hdl.handle.net/2346/46834 _yVersión en línea _z(Texas Tech University Libraries) |
||
| 942 |
_2udc _cMONANT _n0 |
||
| 999 |
_c152945 _d152945 |
||